00279nam a2200109Ia 4500008004100000041001200041100001300053245004200066260003500108300000800143650001800151221030s9999 xx 000 0 und d aEnglish aN. Singh 0aStudies in Aerospace Lawcby N. Singh bSterling Pub.aNew Delhic1974 a208 aAerospace Law